00604nam a2200157 a 450000100100000000500170001000800410002704000250006808200150009311000920010824500220020026000850022204900090030795201130031699900170042900003035120200930062252.0110510s1984 dr 000 0 spa d aDO-SdBNPbspacBNPHU axxxxbI59m1 aRepública Dominicana.bInstituto Nacional de Formación Técnico Profesional95436210aManual de barman. aSanto Domingo :bInstituto Nacional de Formación Técnico Profesional,c1984. aBNPD 0010718PDaPDbPDcCTd2011-05-10iLF1l0oxxxx I59mp30351-10r2020-06-25w2020-06-25yLFPDZNo se presta c29843d29843